A amizade explicada às crianças (Registo nº 4278)
[ vista simples ]
| 000 -Etiqueta do registo | |
|---|---|
| Cabeçalho | 00908cam a2200301 4500 |
| 005 - Identificador da versão | |
| Campo de controlo | 20240813122057.0 |
| 010 ## - Número internacional normalizado dos livros (ISBN) | |
| Número (ISBN) | 9727102123 |
| 021 ## - Número do Depósito Legal | |
| Código do país | PT |
| Número | 163156/01 |
| 100 ## - Dados gerais de processamento | |
| Dados gerais de processamento | 20010712e20011998m y0pory5003 ba |
| 102 ## - Pais de publicação ou produção | |
| País de publicação | Portugal |
| 101 1# - Língua de publicação | |
| Língua do texto, banda sonora, etc. | Português |
| Língua do documento no original | Francês |
| 106 ## - Campo de dados codificados: material textual | |
| Dados codificados do material textual | r |
| 105 ## - Campo de dados codificados: livros | |
| Dados codificados dos livros | y z 001ay |
| 215 ## - Descrição física | |
| Indicação específica da natureza do documento e extensão da espécie | 86, [1] p. |
| Dimensões | 21 cm |
| 200 1# - Titulo e menção de responsabilidade | |
| Título próprio | A amizade explicada às crianças |
| Primeira menção de responsabilidade | Jean-Louis Ducamp |
| Outras menções de responsabilidade | trad. e adapt. João Silva Saraiva |
| -- | rev. Filipe Rodrigues |
| 225 1# - Colecção | |
| Título próprio da colecção | Caminhos da liberdade |
| Indicação de volume | 6 |
| 205 ## - Menção da edição | |
| Menção da edição | 1ª ed. |
| Outras menções de edição | 1ª reimp |
| 210 ## - Publicação, Distribuição, etc. | |
| Lugar da edição, distribuição, etc. | Lisboa |
| Nome do editor, distribuidor, etc. | Terramar |
| Data da publicação, distribuição, etc. | 2001 |
| 304 ## - Notas relativas a título e menção de responsabilidade | |
| Texto da nota | Tít. orig.: L'amitié racontée aux enfants |
| 675 ## - Classificação Decimal Universal (CDU) | |
| Notação | 821.133.1-93"19" |
| Edição | BN |
| Língua da edição | por |
| Notação | 087.5 |
| Edição | BN |
| Língua da edição | por |
| 702 #1 - Nome de autor-pessoa física (responsabilidade secundária) | |
| Número de registo de entrada de autoridade | 0000963 |
| Palavra de ordem | Saraiva |
| Outra parte do nome não tomada para palavra de ordem | João Silva |
| Código de função | Tradutor |
| Número de registo de entrada de autoridade | 0001012 |
| Palavra de ordem | Rodrigues |
| Outra parte do nome não tomada para palavra de ordem | Filipe |
| Código de função | Autor de recensão / Crítico |
| 700 #1 - Nome de autor-pessoa física (responsabilidade principal) | |
| Número de registo de entrada de autoridade | 0000924 |
| Palavra de ordem | Ducamp |
| Outra parte do nome não tomada para palavra de ordem | Jean-Louis |
| 942 ## - Elementos de entrada adicionados (Koha) | |
| Tipo de item no Koha | Livro |
| Situação do levantamento | Origin of item (home branch) (coded) | Biblioteca de empréstimo | Código de barras | Cota | Circulation type (not for loan) | Tipo de documento | Nota do exemplar | Damaged status |
|---|---|---|---|---|---|---|---|---|
| Biblioteca Escolar das Vendas | Biblioteca Escolar das Vendas | BEV1151 | 1DUC | Livro | Sem mensagem |
